000 00575cam a2200193 a 4500
001 000009885
003 UkOxU
005 20200929161739.0
008 931102s1993 ec 000 p spa d
040 _aDO-SdBNP
_bspa
_cBNPHU
082 _aE861.44
_bV473c
100 1 _aVera Ortíz, Luis Gerardo.
_924818
245 1 0 _aCantares en novilunio /
_cLuis Gerardo Vera Ortíz.
260 _aQuito :
_fArtes Gráficas Señal,
_c1993.
300 _a227 p. ;
_c22 cm.
650 4 _aPoesía ecuatoriana
_913387
650 4 _aLiteratura ecuatoriana
_93938
650 4 _aPoesía amorosa
_99227
999 _c9644
_d9644